000 00880nam a22002653 4500
001 24732
003 UkOxU
005 20211209001106.0
008 140315s1915 enk 000 0
035 7 _a(BD-RjUL)24801
_aCD-0000180569
040 _aBD-RjUL
_beng
_cBD-RjUL
041 _aeng
082 _a942.066
_bCAL 1915
100 1 _aCavendish, Margaret
_976137
245 1 4 _aThe life of the duke of Newcastle /
_cMargaret Cavendish Newcastle, Duchess of.
260 _aLondon ;
_aNwe York :
_bJ. M. Dent, ;
_bE. P. Dutton,
_c1915.
300 _axxvii, 299 p, ;
_c17 cm.
490 1 _aEveryman's libr.
_vvol. 722
600 1 7 _aCavendish, William
_c1st duke of Newcastle
_976138
690 0 0 _aHistory
_zGreat Britain
_yEarly Stuart
_2pre20
_957
830 0 _vvol. 722
_976143
752 _aEngland
_dLondon
830 0 _aEveryman's libr.
_976144
942 _2ddc
_cBK
999 _c24732
_d24732